Đánh giá sự sinh trưởng, đặc tính hình thái thực vật ở giai đoạn cây một năm tuổi và sự đa dạng di truyền của cam sành (Citrus Nobilis Var. Typica Hassk.) không hột được phát hiện tại tỉnh Hậu Giang : Luận văn tốt nghiệp Cao học. Chuyên ngành Khoa học cây trồng

Nghiên cứu nhằm đánh giá sự sinh trưởng, đồng thời nhận diện dựa vào đặc tính hình thái lá của cây ở giai đoạn một năm tuổi

Đã lưu trong:
書目詳細資料
主要作者: Lê, Minh Triết
格式: 圖書
語言:Undetermined
出版: Cần Thơ Trường Đại học Cần Thơ 2016
主題:
標簽: 添加標簽
沒有標簽, 成為第一個標記此記錄!
Thư viện lưu trữ: Trung tâm Học liệu Trường Đại học Cần Thơ
LEADER 01208nam a2200217Ia 4500
001 CTU_216871
008 210402s9999 xx 000 0 und d
082 |a 634.31 
082 |b Tr308 
088 |a 60620110 
100 |a Lê, Minh Triết 
245 0 |a Đánh giá sự sinh trưởng, đặc tính hình thái thực vật ở giai đoạn cây một năm tuổi và sự đa dạng di truyền của cam sành (Citrus Nobilis Var. Typica Hassk.) không hột được phát hiện tại tỉnh Hậu Giang : 
245 0 |b Luận văn tốt nghiệp Cao học. Chuyên ngành Khoa học cây trồng 
245 0 |c Lê Minh Triết ; Nguyễn Bá Phú (Người hướng dẫn) 
260 |a Cần Thơ 
260 |b Trường Đại học Cần Thơ 
260 |c 2016 
520 |a Nghiên cứu nhằm đánh giá sự sinh trưởng, đồng thời nhận diện dựa vào đặc tính hình thái lá của cây ở giai đoạn một năm tuổi 
650 |a Cam quýt,Mandarin orange 
904 |i Hiền,Hải 
980 |a Trung tâm Học liệu Trường Đại học Cần Thơ